Dance and the body politic in northern Greece
Αποθηκεύτηκε σε:
| Κύριος συγγραφέας: | |
|---|---|
| Μορφή: | Βιβλίο |
| Γλώσσα: | English |
| Δημοσίευση: |
Princeton :
Princeton University Press,
1990.
|
| Σειρά: | Princeton modern Greek studies
|
| Θέματα: | |
| Ετικέτες: |
Προσθήκη ετικέτας
Δεν υπάρχουν, Καταχωρήστε ετικέτα πρώτοι!
|
MARC
| LEADER | 00000cam a2200000 i 4500 | ||
|---|---|---|---|
| 001 | 1/92425 | ||
| 008 | 940118s1990 nju| ||| |||| ||eng|| | ||
| 020 | |a 0691028540 | ||
| 035 | |l 10008466 | ||
| 040 | |a GR-MyUa |b gre |e AACR2 | ||
| 041 | 0 | |a eng | |
| 082 | 7 | |a 792.809495 |2 (22) | |
| 100 | 1 | |a Cowan, Jane K., |d 1954- | |
| 245 | 1 | 0 | |a Dance and the body politic in northern Greece / |c Jane K. Cowan. |
| 260 | |a Princeton : |b Princeton University Press, |c 1990. | ||
| 300 | |a 252 σ. : |b εικ. ; |c 25 εκ. | ||
| 490 | 1 | |a (Princeton modern Greek studies) | |
| 504 | |a Περιέχει βιβλιογραφικές αναφορές και ευρετήριο. | ||
| 650 | 0 | |a Dance |x Anthropological aspects |z Greece. | |
| 650 | 0 | |a Sex in dance |z Greece. | |
| 651 | 0 | |a Greece |x Social life and customs |y 20th century. | |
| 767 | 0 | 8 | |i Μεταφρασμένο ως: |t Η πολιτική του σώματος : |
| 830 | 0 | |a Princeton modern Greek studies | |
| 852 | |a INST |b LESVOS |e 19950322 |h 792.809495 COW |p 005100002143 |q 005100002143 |t BK |y 0 | ||
| 852 | |a INST |b LESVOS |e 19950322 |h 792.809495 COW |p 005100002144 |q 005100002144 |t BK |y 0 | ||
| 852 | |a INST |b LESVOS |e 19940118 |h 792.809495 COW |p 005100006557 |q 005100006557 |t BK |y 0 | ||
| 852 | |a INST |b LESVOS |e 20070529 |h 792.809495 COW |p 005100037297 |q 005100037297 |t BK |y 0 | ||
| 901 | |a BIBL1-2007-2 | ||